000 00605nam a2200217Ia 4500
008 160404s9999 xx 000 0 und d
020 _a978-971-27-2269-1
050 _aFIL TX 951
050 _b.F66 2010
245 _aFood service and bartending handbook /
245 _cThe Maya Kitchen Culinary Arts.
260 _aPasig City:
260 _bAnvil Pub. Inc.,
260 _c2010
300 _a91 pages :
300 _billustrations ;
300 _c26 cm.
650 _aFood service management -- Philippines -- Handbooks, manuals, etc.
650 _aFood service.
650 _xBartending.
999 _c293153
_d293153